Statistiques concernant Culture Générale - Série 31

Cliquez ici pour prendre le quiz!

Statistiques générales

  • Ce quiz a été pris 386 fois
  • Le résultat moyen est 5 sur 10

Statistiques - réponses

QuestionRéponse% Correct
Conférence qui réunit en février 1945 Churchill, Staline et Roosevelt afin d’organiser la fin de la guerre en EuropeYalta
83%
Hercule Poirot est un personnage créé par :Agatha Christie
80%
Police intérieure allemande dirigée par Himmler.Gestapo
76%
Quel pays la Chine a-t-elle envahi en 1950 ?Tibet
63%
Le Fonds monétaire international (FMI) siège à :Washington
56%
Qui a peint le tableau intitulé Le Radeau de la Méduse ?Théodore Géricault
40%
Quel acteur incarnait à la télévision "L'inspecteur Colombo" ?Peter Falk
38%
Nom de l’armée allemande de 1935 à 1945Wehrmacht
36%
Un mytiliculteur est un éleveur de :Moules
33%
Quelle ville française accueille un festival du film policier?Cognac
14%

Distribution des résultats

Percentile par nombre de réponses

% des personnes avec chaque résultat

Votre développement - résultats

Vous n’avez pas pris ce quiz